<?xml version="1.0" encoding="UTF-8"?>
<record
    xmlns:xsi="http://www.w3.org/2001/XMLSchema-instance"
    xsi:schemaLocation="http://www.loc.gov/MARC21/slim http://www.loc.gov/standards/marcxml/schema/MARC21slim.xsd"
    xmlns="http://www.loc.gov/MARC21/slim">

  <leader>01083nam a22002775a 4500</leader>
  <datafield tag="999" ind1=" " ind2=" ">
    <subfield code="c">27015</subfield>
    <subfield code="d">26987</subfield>
  </datafield>
  <controlfield tag="003">OSt</controlfield>
  <controlfield tag="005">20181119104319.0</controlfield>
  <controlfield tag="008">170322s2017    ua     frb    000 0 ara d</controlfield>
  <datafield tag="017" ind1=" " ind2=" ">
    <subfield code="a">2017 / 5735</subfield>
  </datafield>
  <datafield tag="020" ind1=" " ind2=" ">
    <subfield code="a">9789778260144</subfield>
  </datafield>
  <datafield tag="040" ind1=" " ind2=" ">
    <subfield code="a">EG-ScBUE</subfield>
    <subfield code="b">ara</subfield>
    <subfield code="c">EG-ScBUE</subfield>
  </datafield>
  <datafield tag="043" ind1=" " ind2=" ">
    <subfield code="a">f-ua---</subfield>
  </datafield>
  <datafield tag="082" ind1="0" ind2="4">
    <subfield code="a">347.6206</subfield>
    <subfield code="b">&#x62F; &#x646; &#x627;</subfield>
    <subfield code="2">22</subfield>
  </datafield>
  <datafield tag="100" ind1="1" ind2=" ">
    <subfield code="a">&#x62F;&#x646;&#x627;&#x635;&#x648;&#x631;&#x64A;&#x60C; &#x639;&#x632; &#x627;&#x644;&#x62F;&#x64A;&#x646;.</subfield>
    <subfield code="9">41061</subfield>
  </datafield>
  <datafield tag="245" ind1="1" ind2="2">
    <subfield code="a">&#x627;&#x644;&#x62A;&#x639;&#x644;&#x64A;&#x642; &#x639;&#x644;&#x649; &#x642;&#x627;&#x646;&#x648;&#x646; &#x627;&#x644;&#x625;&#x62B;&#x628;&#x627;&#x62A; /</subfield>
    <subfield code="c">&#x639;&#x632; &#x627;&#x644;&#x62F;&#x64A;&#x646; &#x627;&#x644;&#x62F;&#x646;&#x627;&#x635;&#x648;&#x631;&#x64A;&#x60C; &#x62D;&#x627;&#x645;&#x62F; &#x639;&#x643;&#x627;&#x632; &#x61B; &#x642;&#x627;&#x645; &#x628;&#x625;&#x636;&#x627;&#x641;&#x629; &#x62A;&#x639;&#x62F;&#x64A;&#x644;&#x627;&#x62A; &#x642;&#x627;&#x646;&#x648;&#x646; 76 &#x644;&#x633;&#x646;&#x629; 2007 &#x648;&#x62A;&#x62D;&#x62F;&#x64A;&#x62B; &#x623;&#x62D;&#x643;&#x627;&#x645; &#x627;&#x644;&#x646;&#x642;&#x636; &#x62E;&#x64A;&#x631;&#x62A; &#x631;&#x627;&#x636;&#x64A;.</subfield>
  </datafield>
  <datafield tag="250" ind1=" " ind2=" ">
    <subfield code="a">&#x637;. 11.</subfield>
  </datafield>
  <datafield tag="260" ind1=" " ind2=" ">
    <subfield code="a">&#x627;&#x644;&#x625;&#x633;&#x643;&#x646;&#x62F;&#x631;&#x64A;&#x629;&#x60C; &#x645;&#x635;&#x631; :</subfield>
    <subfield code="b">&#x62F;&#x627;&#x631; &#x627;&#x644;&#x643;&#x62A;&#x628; &#x648;&#x627;&#x644;&#x62F;&#x631;&#x627;&#x633;&#x627;&#x62A; &#x627;&#x644;&#x639;&#x631;&#x628;&#x64A;&#x629;&#x60C;</subfield>
    <subfield code="c">2017.</subfield>
  </datafield>
  <datafield tag="300" ind1=" " ind2=" ">
    <subfield code="a">4 &#x645;&#x62C;. &#x61B;</subfield>
    <subfield code="c">24 &#x633;&#x645;.</subfield>
  </datafield>
  <datafield tag="504" ind1=" " ind2=" ">
    <subfield code="a">&#x64A;&#x634;&#x62A;&#x645;&#x644; &#x639;&#x644;&#x649; &#x625;&#x631;&#x62C;&#x627;&#x639;&#x627;&#x62A; &#x628;&#x628;&#x644;&#x64A;&#x648;&#x62C;&#x631;&#x627;&#x641;&#x64A;&#x629;.</subfield>
  </datafield>
  <datafield tag="650" ind1=" " ind2="7">
    <subfield code="a">&#x627;&#x644;&#x625;&#x62B;&#x628;&#x627;&#x62A; (&#x642;&#x627;&#x646;&#x648;&#x646;)</subfield>
    <subfield code="z">&#x645;&#x635;&#x631;.</subfield>
    <subfield code="2">BUEsh</subfield>
  </datafield>
  <datafield tag="651" ind1=" " ind2=" ">
    <subfield code="2">BUEsh</subfield>
  </datafield>
  <datafield tag="653" ind1=" " ind2=" ">
    <subfield code="b">LLAAWW</subfield>
    <subfield code="c">November2018</subfield>
  </datafield>
  <datafield tag="700" ind1="1" ind2=" ">
    <subfield code="a">&#x639;&#x643;&#x627;&#x632;&#x60C; &#x62D;&#x627;&#x645;&#x62F;. </subfield>
  </datafield>
  <datafield tag="700" ind1="1" ind2=" ">
    <subfield code="a">&#x631;&#x627;&#x636;&#x64A;&#x60C; &#x62E;&#x64A;&#x631;&#x62A;&#x60C;</subfield>
    <subfield code="e">&#x645;&#x639;&#x62F;&#x644;.</subfield>
  </datafield>
  <datafield tag="942" ind1=" " ind2=" ">
    <subfield code="2">ddc</subfield>
  </datafield>
  <datafield tag="952" ind1=" " ind2=" ">
    <subfield code="0">0</subfield>
    <subfield code="1">0</subfield>
    <subfield code="2">ddc</subfield>
    <subfield code="4">0</subfield>
    <subfield code="7">0</subfield>
    <subfield code="8">Baccah</subfield>
    <subfield code="a">MAIN</subfield>
    <subfield code="b">MAIN</subfield>
    <subfield code="c">1ST</subfield>
    <subfield code="d">2018-11-19</subfield>
    <subfield code="e">Purchase</subfield>
    <subfield code="o">347.6206 &#x62F; &#x646; &#x627;</subfield>
    <subfield code="p">000043988</subfield>
    <subfield code="r">2025-07-15 00:00:00</subfield>
    <subfield code="y">REFERENCE</subfield>
    <subfield code="z">&#x645;&#x62C;. 1</subfield>
  </datafield>
  <datafield tag="952" ind1=" " ind2=" ">
    <subfield code="0">0</subfield>
    <subfield code="1">0</subfield>
    <subfield code="2">ddc</subfield>
    <subfield code="4">0</subfield>
    <subfield code="7">0</subfield>
    <subfield code="8">Baccah</subfield>
    <subfield code="a">MAIN</subfield>
    <subfield code="b">MAIN</subfield>
    <subfield code="c">1ST</subfield>
    <subfield code="d">2018-11-19</subfield>
    <subfield code="e">Purchase</subfield>
    <subfield code="o">347.6206 &#x62F; &#x646; &#x627;</subfield>
    <subfield code="p">000043989</subfield>
    <subfield code="r">2025-07-15 00:00:00</subfield>
    <subfield code="y">REFERENCE</subfield>
    <subfield code="z">&#x645;&#x62C;. 2</subfield>
  </datafield>
  <datafield tag="952" ind1=" " ind2=" ">
    <subfield code="0">0</subfield>
    <subfield code="1">0</subfield>
    <subfield code="2">ddc</subfield>
    <subfield code="4">0</subfield>
    <subfield code="7">0</subfield>
    <subfield code="8">Baccah</subfield>
    <subfield code="a">MAIN</subfield>
    <subfield code="b">MAIN</subfield>
    <subfield code="c">1ST</subfield>
    <subfield code="d">2018-11-19</subfield>
    <subfield code="e">Purchase</subfield>
    <subfield code="o">347.6206 &#x62F; &#x646; &#x627;</subfield>
    <subfield code="p">000043990</subfield>
    <subfield code="r">2025-07-15 00:00:00</subfield>
    <subfield code="y">REFERENCE</subfield>
    <subfield code="z">&#x645;&#x62C;. 3</subfield>
  </datafield>
  <datafield tag="952" ind1=" " ind2=" ">
    <subfield code="0">0</subfield>
    <subfield code="1">0</subfield>
    <subfield code="2">ddc</subfield>
    <subfield code="4">0</subfield>
    <subfield code="7">0</subfield>
    <subfield code="8">Baccah</subfield>
    <subfield code="a">MAIN</subfield>
    <subfield code="b">MAIN</subfield>
    <subfield code="c">1ST</subfield>
    <subfield code="d">2018-11-19</subfield>
    <subfield code="e">Purchase</subfield>
    <subfield code="o">347.6206 &#x62F; &#x646; &#x627;</subfield>
    <subfield code="p">000043991</subfield>
    <subfield code="r">2025-07-15 00:00:00</subfield>
    <subfield code="y">REFERENCE</subfield>
    <subfield code="z">&#x645;&#x62C;. 3</subfield>
  </datafield>
</record>
